| 000 | 00515nam a2200169Ia 4500 | ||
|---|---|---|---|
| 999 |
_c7964 _d7964 |
||
| 003 | OSt | ||
| 005 | 20200122125000.0 | ||
| 008 | 190216s9999||||xx |||||||||||||| ||und|| | ||
| 020 | _a9788131732182 | ||
| 040 | _coclc | ||
| 082 |
_a650.01513 _bTRI/B |
||
| 100 |
_aTrivedi, Kashyap _91358 |
||
| 245 | 0 |
_aBusiness Mathematics / _cKashyap Trivedi ; Chirag Trivedi |
|
| 260 |
_bPearson Education Asia, _c2011. _aNew Delhi: |
||
| 300 | _a717p | ||
| 942 |
_cBK _2ddc _h650.01513 _iTRI/B _k650.01513 _mTRI/B |
||